Loading...
| Ancient History and Archaeology | 5 | 12.00 | 80% | 40% | 160% |
| Beliefs | 8 | 12.50 | 250% | 50% | 75% |
| British and Commonwealth History | 2 | 15.00 | 200% | 100% | 50% |
| Fine Arts - Auditory | 2 | 15.00 | 200% | 0% | 200% |
| Fine Arts - Visual | 4 | 7.50 | 0% | 100% | 25% |
| Geography | 2 | 5.00 | 0% | 0% | 50% |
| History - American | 4 | 12.50 | 200% | 125% | 0% |
| History - European | 5 | 8.00 | 240% | 40% | 0% |
| History - World | 6 | 8.33 | 133% | 67% | 33% |
| Literature - American | 5 | 10.00 | 160% | 40% | 60% |
| Literature - British | 3 | 16.67 | 133% | 133% | 133% |
| Literature - European | 4 | 7.50 | 200% | 50% | 0% |
| Other Academic | 2 | 5.00 | 0% | 100% | 0% |
| Other Arts: Auditory | 3 | 10.00 | 267% | 0% | 67% |
| Other Arts: Visual | 3 | 13.33 | 133% | 67% | 133% |
| Other Science: Computer Science | 1 | 10.00 | 400% | 0% | 0% |
| Other Science: Earth Science | 2 | 10.00 | 50% | 50% | 0% |
| Other Science: Math | 1 | 20.00 | 0% | 200% | 200% |
| Philosophy | 3 | 6.67 | 0% | 67% | 67% |
| Science - Biology | 2 | 0.00 | 0% | 0% | 0% |
| Science - Chemistry | 1 | 20.00 | 0% | 200% | 200% |
| Science - Physics | 5 | 12.00 | 0% | 80% | 160% |
| Social Science | 2 | 15.00 | 400% | 100% | 0% |
| World and Other Literature | 5 | 10.00 | 180% | 0% | 60% |